000 01666nam a2200457 c 4500
001 53161
003 ES-MaCES
005 20250203133004.0
007 cr |||||||||||
008 240429s2023 sp 000 | spa d
017 _aM 33319-2023
_bDL
020 _a9788411707121
040 _aES-MaCES
_bspa
_cES-MaCES
041 0 _aspa
_aeng
_afre
245 0 4 _aUna visión comparada e internacional del derecho cooperativo y de la economía social y solidaria
_b: Liber Amicorum profesor Dante Cracogna
_cHagen Henry, Carlos Vargas Vasserot (coords.) ; [autores], Aguilar Rubio, Marina ... [et al.]
260 _aMadrid
_bDykinson
_c[2023]
300 _a634 p.
_c24 cm
500 _aTextos en español, francés e inglés
500 _aPublicación en formato DÚO (papel + libro electrónico). Disponible en formato electrónico en COLEX Online
504 _aBibliografía
541 _cCompra
650 4 _acooperativa
_927136
650 4 _amovimiento cooperativo
_927137
650 4 _adesarrollo cooperativo
_930370
650 4 _aeconomía social
_930379
650 4 _aempresa
_928178
650 4 _aorganización sin fines de lucro
_927312
650 4 _alegislación cooperativa
_930375
650 4 _aderecho mercantil
_927157
650 4 _aderecho internacional
_926684
650 4 _aderecho comparado
_929868
650 4 _aEspaña
_926964
653 1 0 _aEconomía
700 1 _910125
_aCracogna, Dante
700 1 _941027
_aHenry, Hagen
_ecol.
700 1 _936350
_aVargas Vasserot, Carlos
_ecol.
700 1 _95688
_aAguilar Rubio, Marina
856 4 _uhttps://www.colex.es
_yCOLEX
902 _aLIB Libro
942 _2CES
_cBK
_h0.0.
999 _c53161
_d53161